• 首页
  • 本馆介绍
  • 公告通知
  • 最新文献
  • 馆藏检索
  • 电子资源
  • 读者导购
  • 参考咨询
  • 我的图书馆
  • 登录
  • 详细信息显示
  • 放入我的书架
  • 预约/预借图书
  • 作者相关作品
  • 分类相关作品
  • 丛书相关作品
  • 出版社相关作品

书目信息

  • 表格格式
  • 工作单格式
  • 卡片格式
题名:
吴文化内涵的现代解读
    
 
作者: 庄若江 , 蔡爱国 , 高侠 著
分册:  
出版信息: 北京   中国文史出版社  2014
页数: 247页
开本: 24cm
丛书名:
单 册:
中图分类: K225.03
科图分类:
主题词: 吴文化--研究
电子资源:
ISBN: 978-7-5034-4499-9
000 01001nam0 2200265 450
001 339620
005 20150608155629.32
010    @a978-7-5034-4499-9@dCNY48.00
100    @a20140510d2014 em y0chiy50 ea
101 0  @achi
102    @aCN@b110000
105    @ay z 000yy
106    @ar
200 1  @a吴文化内涵的现代解读@Awu wen hua nei han de xian dai jie du@f庄若江, 蔡爱国, 高侠著
210    @a北京@c中国文史出版社@d2014
215    @a247页@d24cm
300    @a2013年江南大学人文社科自主科研计划专项《吴文化的历史演进及其蕴涵价值研究》研究成果 项目号:2013ZX15
330    @a本书从纵横两个向度对吴文化精神内涵和演进脉络、阶段性特点进行了梳理和解读, 注重对吴文化精神内涵形成、嬗变、扬弃发展的过程及结果的分析, 并着重强调其当代的价值意义。
606 0  @a吴文化@x研究
690    @aK225.03@v5
701  0 @a庄若江@Azhuang ruo jiang@4著
701  0 @a蔡爱国@Acai ai guo@f(1977)@4著
701  0 @a高侠@Agao xia@c(女, @f1969)@4著
801  0 @aCN@b卓展宏图@c20150525
905    @dK225.03@e37@f4
    
    吴文化内涵的现代解读/庄若江, 蔡爱国, 高侠著.-北京:中国文史出版社,2014
    247页;24cm
    2013年江南大学人文社科自主科研计划专项《吴文化的历史演进及其蕴涵价值研究》研究成果 项目号:2013ZX15
    
    ISBN 978-7-5034-4499-9:CNY48.00
    本书从纵横两个向度对吴文化精神内涵和演进脉络、阶段性特点进行了梳理和解读, 注重对吴文化精神内涵形成、嬗变、扬弃发展的过程及结果的分析, 并着重强调其当代的价值意义。
●
相关链接 在E读中查询图书 在五车中查询图书 在当当中查询图书 在豆瓣中查询图书


正题名:吴文化内涵的现代解读     索取号:K225.03/37         预约/预借

序号 登录号 条形码 馆藏地/架位号 状态 备注
1 863386   208633861   第二样本阅览室/ [索取号:K225.03/37] 在馆    
2 863387   208633870   第二借阅区/ [索取号:K225.03/37] 在馆    
3 863388   208633889   第二借阅区/ [索取号:K225.03/37] 在馆    
4 863389   208633898   第二借阅区/ [索取号:K225.03/37] 在馆    
唐山师范学院图书馆 欢迎您!
大连网信软件有限公司© 版权所有